Indian Financial System. (Record no. 642)

MARC details
000 -LEADER
fixed length control field 00398nam a22001697a 4500
005 - DATE AND TIME OF LATEST TRANSACTION
control field 20180319120230.0
008 - FIXED-LENGTH DATA ELEMENTS--GENERAL INFORMATION
fixed length control field 160512b xxu||||| |||| 00| 0 eng d
020 ## - INTERNATIONAL STANDARD BOOK NUMBER
ISBN 0-07-058539-3
041 ## - LANGUAGE CODE
Language code of text/sound track or separate title eng
082 ## - DEWEY DECIMAL CLASSIFICATION NUMBER
Item number 1637
Classification number 336.54
100 ## - MAIN ENTRY--AUTHOR NAME
Personal name Khan, M.Y
245 ## - TITLE STATEMENT
Title Indian Financial System.
260 ## - PUBLICATION, DISTRIBUTION, ETC. (IMPRINT)
Place of publication New Delhi
Name of publisher TMH
Year of publication 1996
300 ## - PHYSICAL DESCRIPTION
Number of Pages 18.75
650 ## - SUBJECT ADDED ENTRY--TOPICAL TERM
Topical Term Management
942 ## - ADDED ENTRY ELEMENTS (KOHA)
Koha item type Books
Holdings
Lost status Damaged status Collection code Home library Current library Shelving location Date acquired Cost, normal purchase price Full call number Accession Number Koha item type
    MANAGEMENT JRU Library JRU Library SHELF-61-J 12/05/2016 325.00 336.54 1637 Books
    MANAGEMENT JRU Library JRU Library SHELF-61-J 12/05/2016 325.00 336.54 1638 Books
    MANAGEMENT JRU Library JRU Library SHELF-61-J 12/05/2016 325.00 336.54 1639 Books
    MANAGEMENT JRU Library JRU Library SHELF-61-J 12/05/2016 325.00 336.54 1640 Books